| 000 | 00600nac a22001691u 4500 | ||
|---|---|---|---|
| 020 | _a0131547291 | ||
| 082 |
_a005.8 _bM563 |
||
| 090 |
_c444 _d444 |
||
| 100 | _aMerkow, Mark | ||
| 245 |
_aInformation security: _bprinciples and practices/ _cMark Merkow, Jim Breithaupt |
||
| 260 |
_aNew Jersey: _bPearson,2006 _c2006 |
||
| 300 |
_axxvii, 420 p. : _bill. ; _c24 cm. |
||
| 650 | _aComputer security | ||
| 700 | _aBreithaupt, Jim | ||
| 942 |
_cBB _k005.8M563 |
||
| 999 |
_c444 _d444 |
||